| 000 | 00418cam a2200157ua 4500 | ||
|---|---|---|---|
| 003 | OSt | ||
| 008 | 241029b |||||||| |||| 00| 0 eng d | ||
| 020 | _a8174091842 | ||
| 082 |
_a621.47 _bRAI/SO |
||
| 100 |
_aRai, G.D . _91381 |
||
| 245 | _aSolar Energy Utilisation : Text book for Engineering Students / | ||
| 250 | _a5 th | ||
| 260 |
_aNew Delhi _bKhanna publishers , _c2012 |
||
| 300 |
_a644 _b` ; . |
||
| 942 | _cBK | ||
| 999 |
_c1747 _d1747 |
||